[Event "POHÃ�R mÄ›sta Å˜Ã­Ä�any 2021"]
[Site "MÄ›stskÃ© kulturnÃ­ stÅ™edisko U labutÄ›"]
[Date "2021.08.27"]
[Round "8.30"]
[White "Mach, Jan"]
[Black "Tichy, Tomas"]
[Result "1-0"]
[WhiteElo "1742"]
[BlackElo "1513"]
[PlyCount "0"]
[EventDate "2021.08.21"]

1. Nf3 c5 2. e4 Nc6 3. d4 cxd4 4. Nxd4 Nf6 5. Nc3 e5 6. Nb3 Bb4 7. Bd3 Bxc3+
8. bxc3 d5 9. exd5 Nxd5 10. Qd2 O-O 11. O-O Nf4 12. Re1 Be6 13. Be4 Qxd2
14. Bxd2 Nd5 15. Nc5 Na5 16. Bd3 Rac8 17. Nxe6 fxe6 18. Rxe5 Nc4 19. Bxc4 Rxc4
20. Rxe6 Nxc3 21. Bxc3 Rxc3 22. Re2 Rfc8 23. Rc1 b5 24. Kf1 Ra3 25. Rb1 Rxa2
26. Rxb5 Ra1+ 27. Re1 Rxe1+ 28. Kxe1 Rxc2 29. Rb8+ Kf7 30. Rb7+ Kf6 31. Rxa7 h5
32. Ra8 g5 33. Kd1 Rb2 34. Kc1 Re2 35. Kd1 Rb2 36. Ke1 Kg6 37. Rg8+ Kf5 38. h3
h4 39. Kf1 Ra2 40. Rf8+ Kg6 41. g3 hxg3 42. fxg3 Rh2 43. Rh8 Kg7 44. Kg1 Ra2
45. Rd8 Kf6 46. Rf8+ Kg6 47. Rf2 Rxf2 48. Kxf2 Kf5 49. Kf3 Kg6 50. Ke4 Kf6
51. Kd4 Kg6 52. Ke5 Kh5 53. Kf5 Kh6 54. g4 Kh7 55. Kxg5 Kg7 1-0

[Event "POHÃ�R mÄ›sta Å˜Ã­Ä�any 2021"]
[Site "MÄ›stskÃ© kulturnÃ­ stÅ™edisko U labutÄ›"]
[Date "2021.08.27"]
[Round "8.31"]
[White "Kacirek, Pavel"]
[Black "Chon, Jeremy"]
[Result "1/2-1/2"]
[WhiteElo "1718"]
[BlackElo "1454"]
[PlyCount "0"]
[EventDate "2021.08.21"]

1. d4 d5 2. Nf3 e6 3. e3 f5 4. c4 Nf6 5. c5 c6 6. Nc3 Nbd7 7. Be2 Ne4 8. Bd2
Qf6 9. Qc2 Be7 10. b4 O-O 11. O-O Bd8 12. b5 Bc7 13. bxc6 bxc6 14. g3 e5
15. dxe5 Nxe5 16. Nd4 a5 17. Rab1 Nd7 18. Na4 Be5 19. Nf3 Qe7 20. Nb6 Nxb6
21. cxb6 Bb7 22. Nxe5 Qxe5 23. Rfc1 Rfe8 24. Qb2 Qxb2 25. Rxb2 Nxd2 26. Rxd2 g6
27. Rc5 Re4 28. Rd4 Rxd4 29. exd4 a4 30. a3 Kf8 31. Kg2 Ke8 32. Kf3 Kd7 33. Kf4
Ba6 34. Ra5 g5+ 35. Kxg5 Rg8+ 36. Kxf5 Bxe2 37. Rxa4 Rb8 38. Rb4 Kd6 39. f4 c5
40. dxc5+ Kxc5 41. Ke5 d4 42. Rb2 d3 43. Ke4 Kc4 44. Ke3 Kc3 45. Rb5 Kc4 1/2-1/2

[Event "POHÃ�R mÄ›sta Å˜Ã­Ä�any 2021"]
[Site "MÄ›stskÃ© kulturnÃ­ stÅ™edisko U labutÄ›"]
[Date "2021.08.27"]
[Round "8.32"]
[White "Vorackova, Jarmila"]
[Black "Blazek, Miroslav"]
[Result "0-1"]
[WhiteElo "1802"]
[BlackElo "1801"]
[PlyCount "0"]
[EventDate "2021.08.21"]

1. d4 e6 2. c4 d5 3. Nc3 Nf6 4. cxd5 exd5 5. Bg5 Be7 6. e3 O-O 7. Nf3 Bg4
8. Be2 Nbd7 9. O-O Re8 10. Qc2 c6 11. Rfe1 Nf8 12. Bxf6 Bxf6 13. b4 a6 14. a4
Qd6 15. Rab1 Ng6 16. h3 Bxf3 17. Bxf3 Bd8 18. b5 axb5 19. axb5 Bc7 20. g3 Re6
21. bxc6 bxc6 22. Bg4 Ree8 23. Na4 Ne7 24. Nc5 g6 25. Nb7 Qf6 26. Bd7 Reb8
27. Nc5 h5 28. Rxb8+ Bxb8 29. Kg2 Qd6 30. h4 Ra7 31. Qb2 Bc7 32. Ra1 Rxa1
33. Qxa1 Bb6 34. Be8 Qd8 35. Nd7 Bc7 36. Qa7 Kg7 37. Nc5 Nc8 38. Qb7 Nd6
39. Qxc6 Nxe8 40. Nd7 Bd6 41. Nb6 Nf6 42. Nxd5 Nxd5 43. Qxd5 Qe7 44. e4 Qe6
45. Qb7 Qe7 46. Qc6 Bb4 47. e5 Qe6 48. Qe4 Bc3 49. f4 Qc4 50. f5 Qxd4 51. f6+
Kh7 52. Qb7 Qc4 53. Qe7 Bb4 54. Qe8 Qe6 55. Qb8 Bc5 56. Kf3 Qg4+ 57. Kg2 Qe2+
58. Kh1 Qf1+ 59. Kh2 Bg1+ 0-1

[Event "POHÃ�R mÄ›sta Å˜Ã­Ä�any 2021"]
[Site "MÄ›stskÃ© kulturnÃ­ stÅ™edisko U labutÄ›"]
[Date "2021.08.27"]
[Round "8.33"]
[White "Chmelik, Ladislav"]
[Black "Cabart, Pavel"]
[Result "0-1"]
[WhiteElo "1732"]
[BlackElo "1700"]
[PlyCount "0"]
[EventDate "2021.08.21"]

1. e4 c5 2. c3 d5 3. exd5 Qxd5 4. d4 g6 5. Nf3 Bg7 6. dxc5 Qxc5 7. Be3 Qc7
8. Bb5+ Bd7 9. Bxd7+ Nxd7 10. O-O Ngf6 11. h3 O-O 12. Na3 a6 13. Qe2 b5 14. Rad1
e6 15. Bg5 Nb6 16. Rd2 Nfd5 17. Re1 Qc5 18. Be3 Nxe3 19. Qxe3 Qxe3 20. fxe3 Rfd8
21. Red1 Rxd2 22. Rxd2 Bf8 23. Nc2 Nc4 24. Rd7 Bc5 25. Kf2 Nxb2 26. Ng5 Ra7
27. Rd8+ Kg7 28. Ne4 Be7 29. Rc8 f5 30. Nc5 Bxc5 31. Rxc5 Nd3+ 0-1

[Event "POHÃ�R mÄ›sta Å˜Ã­Ä�any 2021"]
[Site "MÄ›stskÃ© kulturnÃ­ stÅ™edisko U labutÄ›"]
[Date "2021.08.27"]
[Round "8.34"]
[White "Hampel, Rudolf"]
[Black "Kalvach, Ladislav"]
[Result "0-1"]
[WhiteElo "1593"]
[BlackElo "1771"]
[PlyCount "0"]
[EventDate "2021.08.21"]

1. e4 c5 2. Nf3 a6 3. d4 cxd4 4. Nxd4 e5 5. Nf3 Nf6 6. Nc3 Bb4 7. Bc4 Nc6
8. O-O O-O 9. Nd5 h6 10. Nxb4 Nxb4 11. Nxe5 Qc7 12. Bf4 d6 13. Nxf7 Qxc4
14. Nxd6 Qxc2 15. Qd4 Nc6 16. Qe3 Qxb2 17. Rfd1 Ng4 18. Qg3 0-1

[Event "POHÃ�R mÄ›sta Å˜Ã­Ä�any 2021"]
[Site "MÄ›stskÃ© kulturnÃ­ stÅ™edisko U labutÄ›"]
[Date "2021.08.27"]
[Round "8.35"]
[White "Kleprlik, Jan"]
[Black "Pejrimovska, Viola Ruby"]
[Result "1-0"]
[WhiteElo "1533"]
[BlackElo "1773"]
[PlyCount "0"]
[EventDate "2021.08.21"]

1. d4 Nf6 2. Nf3 g6 3. g3 Bg7 4. Bg2 O-O 5. O-O d6 6. c4 Nbd7 7. Nc3 e5 8. dxe5
dxe5 9. e4 c6 10. Qc2 h6 11. b3 Nh5 12. Bb2 f5 13. exf5 gxf5 14. Rad1 Qe7
15. Na4 Qf6 16. Nh4 {necitelne} 1-0